000 00665nam a2200229Ia 4500
003 OSt
005 20220927105216.0
006 a|||||r|||| 00| 0
007 ta
008 220926b |||||||| |||| 00| 0 eng d
024 _a188228
037 _cReference Collections
040 _aRTL
_cRTL
_beng
041 _2eng
_aeng
082 _a"Y:1, M5/SC"
100 _aHALL John A.
_9370973
245 0 _aPowers and liberties
_b The causes and consequences of the rise of the West.
260 _aHarmonds-
_bWorth Penguin Books
_c1985
300 _a271p.
_ccm.
942 _h"Y:1, M5/SC"
_cCC
999 _c691222
_d691222